<?xml version="1.0" encoding="UTF-8"?>
<record
    xmlns:xsi="http://www.w3.org/2001/XMLSchema-instance"
    xsi:schemaLocation="http://www.loc.gov/MARC21/slim http://www.loc.gov/standards/marcxml/schema/MARC21slim.xsd"
    xmlns="http://www.loc.gov/MARC21/slim">

  <leader>     nam a22     7a 4500</leader>
  <datafield tag="999" ind1=" " ind2=" ">
    <subfield code="c">65548</subfield>
    <subfield code="d">65548</subfield>
  </datafield>
  <controlfield tag="005">20180917102133.0</controlfield>
  <controlfield tag="008">180917b        mx ||||| |||| 00| 0 spa d</controlfield>
  <datafield tag="020" ind1=" " ind2=" ">
    <subfield code="a">970727056X (o. c.)</subfield>
  </datafield>
  <datafield tag="050" ind1="0" ind2="4">
    <subfield code="a">F1234.P19415</subfield>
    <subfield code="b">P365 2005</subfield>
  </datafield>
  <datafield tag="100" ind1="1" ind2=" ">
    <subfield code="a">Pani, Alberto J., </subfield>
    <subfield code="d">1878-1955</subfield>
  </datafield>
  <datafield tag="245" ind1="1" ind2="0">
    <subfield code="a">Obras de Alberto J. Pani</subfield>
    <subfield code="c"> / Alberto J. Pani ; Adalberto Arturo Madero Quiroga, compilador</subfield>
  </datafield>
  <datafield tag="250" ind1=" " ind2=" ">
    <subfield code="a">2a ed.</subfield>
  </datafield>
  <datafield tag="260" ind1=" " ind2=" ">
    <subfield code="a">M&#xE9;xico : </subfield>
    <subfield code="b">Senado de la Rep&#xFA;blica, </subfield>
    <subfield code="c">2005</subfield>
  </datafield>
  <datafield tag="300" ind1=" " ind2=" ">
    <subfield code="a">v. : </subfield>
    <subfield code="b">il. ; </subfield>
    <subfield code="c">22 cm.</subfield>
  </datafield>
  <datafield tag="505" ind1="1" ind2=" ">
    <subfield code="a">Contenido : </subfield>
    <subfield code="t">V. 1 Primeros escritos. La instrucci&#xF3;n rudimentaria en la rep&#xFA;blica. El camino hacia la democracia. La higiene en M&#xE9;xico.</subfield>
    <subfield code="t">V. 3 La cuesti&#xF3;n internacional. La cuesti&#xF3;n internacional M&#xE9;xico-Americana, durante el gobierno del general don &#xC1;lvaro Obreg&#xF3;n.. La controversia Pani-De la Huerta.</subfield>
    <subfield code="t">V. 4 Cuestiones diversas. Contenidas en 44 cartas al presidente Carranza. 1 carta al presidente De la Huerta. 1 art&#xED;culo de El Universal y 4 brindis.</subfield>
    <subfield code="t">V. 5 La pol&#xED;tica hacendaria y la revoluci&#xF3;n.</subfield>
    <subfield code="t">V. 7 Mi contribuci&#xF3;n al nuevo r&#xE9;gimen (1910-1933). (A prop&#xF3;sito del Ulises Criollo, autobiograf&#xED;a del licenciado Jos&#xE9; Vasconcelos).</subfield>
    <subfield code="t">V. 8 Apolog&#xED;a sobre el nuevo r&#xE9;gimen. Tres monograf&#xED;as. La historia, agredida.</subfield>
  </datafield>
  <datafield tag="600" ind1="1" ind2="0">
    <subfield code="a">Pani, Albero J.</subfield>
    <subfield code="d">1878-1955</subfield>
    <subfield code="v">Antolog&#xED;as</subfield>
  </datafield>
  <datafield tag="650" ind1=" " ind2="7">
    <subfield code="2">lemb</subfield>
    <subfield code="a">Educaci&#xF3;n </subfield>
    <subfield code="z">M&#xE9;xico </subfield>
  </datafield>
  <datafield tag="651" ind1=" " ind2="7">
    <subfield code="2">lemb</subfield>
    <subfield code="a">M&#xE9;xico </subfield>
    <subfield code="x">Pol&#xED;tica y gobierno </subfield>
    <subfield code="y">1910-1946 </subfield>
  </datafield>
  <datafield tag="651" ind1=" " ind2="7">
    <subfield code="2">lemb</subfield>
    <subfield code="a">M&#xE9;xico </subfield>
    <subfield code="x">Condiciones econ&#xF3;micas </subfield>
    <subfield code="y">1918- </subfield>
  </datafield>
  <datafield tag="700" ind1="1" ind2=" ">
    <subfield code="a">Madero Quiroga, Adalberto Arturo, </subfield>
    <subfield code="e">compilador</subfield>
  </datafield>
  <datafield tag="942" ind1=" " ind2=" ">
    <subfield code="2">lcc</subfield>
    <subfield code="c">LIB</subfield>
  </datafield>
  <datafield tag="952" ind1=" " ind2=" ">
    <subfield code="1">0</subfield>
    <subfield code="2">lcc</subfield>
    <subfield code="4">0</subfield>
    <subfield code="7">0</subfield>
    <subfield code="a">UCIH</subfield>
    <subfield code="b">UCIH</subfield>
    <subfield code="c">GENERAL</subfield>
    <subfield code="d">2018-09-17</subfield>
    <subfield code="e">DON</subfield>
    <subfield code="f">2a</subfield>
    <subfield code="k">CSA</subfield>
    <subfield code="o">F1234.P19415 P365 2005</subfield>
    <subfield code="p">BCU000016178</subfield>
    <subfield code="r">2018-09-17 00:00:00</subfield>
    <subfield code="t">V :1 C : 1</subfield>
    <subfield code="y">LIB</subfield>
  </datafield>
  <datafield tag="952" ind1=" " ind2=" ">
    <subfield code="1">0</subfield>
    <subfield code="2">lcc</subfield>
    <subfield code="4">0</subfield>
    <subfield code="7">0</subfield>
    <subfield code="a">UCIH</subfield>
    <subfield code="b">UCIH</subfield>
    <subfield code="c">GENERAL</subfield>
    <subfield code="d">2018-09-17</subfield>
    <subfield code="e">DON</subfield>
    <subfield code="f">2a</subfield>
    <subfield code="k">CSA</subfield>
    <subfield code="o">F1234.P19415 P365 2005</subfield>
    <subfield code="p">BCU000016179</subfield>
    <subfield code="r">2018-09-17 00:00:00</subfield>
    <subfield code="t">V : 3 C : 1</subfield>
    <subfield code="y">LIB</subfield>
  </datafield>
  <datafield tag="952" ind1=" " ind2=" ">
    <subfield code="1">0</subfield>
    <subfield code="2">lcc</subfield>
    <subfield code="4">0</subfield>
    <subfield code="7">0</subfield>
    <subfield code="a">UCIH</subfield>
    <subfield code="b">UCIH</subfield>
    <subfield code="c">GENERAL</subfield>
    <subfield code="d">2018-09-17</subfield>
    <subfield code="e">DON</subfield>
    <subfield code="f">2a</subfield>
    <subfield code="k">CSA</subfield>
    <subfield code="o">F1234.P19415 P365 2005</subfield>
    <subfield code="p">BCU000016176</subfield>
    <subfield code="r">2018-09-17 00:00:00</subfield>
    <subfield code="t">V : 4 C: 1</subfield>
    <subfield code="y">LIB</subfield>
  </datafield>
  <datafield tag="952" ind1=" " ind2=" ">
    <subfield code="1">0</subfield>
    <subfield code="2">lcc</subfield>
    <subfield code="4">0</subfield>
    <subfield code="7">0</subfield>
    <subfield code="a">UCIH</subfield>
    <subfield code="b">UCIH</subfield>
    <subfield code="c">GENERAL</subfield>
    <subfield code="d">2018-09-17</subfield>
    <subfield code="e">DON</subfield>
    <subfield code="f">2a</subfield>
    <subfield code="k">CSA</subfield>
    <subfield code="o">F1234.P19415 P365 2005</subfield>
    <subfield code="p">BCU000016180</subfield>
    <subfield code="r">2018-09-17 00:00:00</subfield>
    <subfield code="t">V : 5 C: 1</subfield>
    <subfield code="y">LIB</subfield>
  </datafield>
  <datafield tag="952" ind1=" " ind2=" ">
    <subfield code="1">0</subfield>
    <subfield code="2">lcc</subfield>
    <subfield code="4">0</subfield>
    <subfield code="7">0</subfield>
    <subfield code="a">UCIH</subfield>
    <subfield code="b">UCIH</subfield>
    <subfield code="c">GENERAL</subfield>
    <subfield code="d">2018-09-17</subfield>
    <subfield code="e">DON</subfield>
    <subfield code="f">2a</subfield>
    <subfield code="k">CSA</subfield>
    <subfield code="o">F1234.P19415 P365 2004</subfield>
    <subfield code="p">BCU000016177</subfield>
    <subfield code="r">2018-09-17 00:00:00</subfield>
    <subfield code="t">V : 7 C: 1</subfield>
    <subfield code="y">LIB</subfield>
  </datafield>
  <datafield tag="952" ind1=" " ind2=" ">
    <subfield code="1">0</subfield>
    <subfield code="2">lcc</subfield>
    <subfield code="4">0</subfield>
    <subfield code="7">0</subfield>
    <subfield code="a">UCIH</subfield>
    <subfield code="b">UCIH</subfield>
    <subfield code="c">GENERAL</subfield>
    <subfield code="d">2018-09-17</subfield>
    <subfield code="e">DON</subfield>
    <subfield code="f">2a</subfield>
    <subfield code="k">CSA</subfield>
    <subfield code="o">F1234.P19415 P365 2005</subfield>
    <subfield code="p">BCU000016181</subfield>
    <subfield code="r">2018-09-17 00:00:00</subfield>
    <subfield code="t">V : 8 C : 1</subfield>
    <subfield code="y">LIB</subfield>
  </datafield>
</record>
